American Indian tribal governments / (Record no. 184251)
[ view plain ]
| 000 -LEADER | |
|---|---|
| fixed length control field | 01026 a2200229 4500 |
| 003 - CONTROL NUMBER IDENTIFIER | |
| control field | Nust |
| 005 - DATE AND TIME OF LATEST TRANSACTION | |
| control field | 20221221093611.0 |
| 010 ## - LIBRARY OF CONGRESS CONTROL NUMBER | |
| LC control number | 89004791 |
| 020 ## - INTERNATIONAL STANDARD BOOK NUMBER | |
| International Standard Book Number | 0806121998 (alk. paper) |
| 040 ## - CATALOGING SOURCE | |
| Transcribing agency | Nust |
| 082 00 - DEWEY DECIMAL CLASSIFICATION NUMBER | |
| Classification number | 323.1,OBR |
| 100 1# - MAIN ENTRY--PERSONAL NAME | |
| Personal name | O'Brien, Sharon. |
| 9 (RLIN) | 105436 |
| 245 10 - TITLE STATEMENT | |
| Title | American Indian tribal governments / |
| Statement of responsibility, etc. | by Sharon O'Brien. |
| 250 ## - EDITION STATEMENT | |
| Edition statement | 1st ed. |
| 260 ## - PUBLICATION, DISTRIBUTION, ETC. | |
| Place of publication, distribution, etc. | Norman : |
| Name of publisher, distributor, etc. | University of Oklahoma Press, |
| Date of publication, distribution, etc. | c1989. |
| 300 ## - PHYSICAL DESCRIPTION | |
| Extent | xviii, 349 p. : |
| Other physical details | ill. ; |
| Dimensions | 27 cm. |
| 440 #4 - SERIES STATEMENT/ADDED ENTRY--TITLE | |
| Title | The Civilization of the American Indian series ; |
| Volume/sequential designation | [v. 192] |
| 9 (RLIN) | 105437 |
| 505 ## - FORMATTED CONTENTS NOTE | |
| Formatted contents note | Introduction (Page-3), The Effects of Indian White Relations on Tribal Government A History (Page-35), Modern Tribal Government and Their Powers (Page-93), Tribal Federal and Tribal State Relations (Page-93), Tribal Federal and Tribal State Relations An Overview (Page-255). |
| 650 #0 - SUBJECT ADDED ENTRY--TOPICAL TERM | |
| Topical term or geographic name entry element | Indians of North America |
| General subdivision | Government relations. |
| 9 (RLIN) | 23043 |
| 650 #0 - SUBJECT ADDED ENTRY--TOPICAL TERM | |
| Topical term or geographic name entry element | Indians of North America |
| General subdivision | Politics and government. |
| 9 (RLIN) | 105438 |
| 942 ## - ADDED ENTRY ELEMENTS (KOHA) | |
| Source of classification or shelving scheme | |
| Koha item type | Book |
| Call number prefix | 323.1,OBR |
| Withdrawn status | Lost status | Source of classification or shelving scheme | Damaged status | Not for loan | Collection code | Permanent Location | Current Location | Date acquired | Total Checkouts | Full call number | Barcode | Date last seen | Price effective from | Koha item type |
|---|---|---|---|---|---|---|---|---|---|---|---|---|---|---|
| Military College of Signals (MCS) | Military College of Signals (MCS) | 12/12/2016 | 323.1 OBR | MCS3310 | 12/08/2016 | 12/12/2016 | Book |
